00401nam a2200121Ia 4500008004100000024004100041082001600082100007300098245002400171260002500195600002100220650003800241250506s9999 xx 000 0 und d a10B-74-BS, 10B-61-BS & 10B-62-BS a005.072 MUH aMuhammad Herman Shafiq, Muhammad Ali Rashid, & Muhammad Fahad Sultan 0aSocial Media System aKarachi:bUIT,c2010 aComputer Science aBachelor of Computer Science (BS)